000 00354nam a22001577a 4500
999 _c167301
_d167301
082 _a
_b
100 _aYoung Robert J C
245 _aPost colonialism:
_ba very short introduction/
_cby Young Robert J C.
260 _aNew Delhi:
_bOxford,
_c2006.
300 _a178p.
490 _a
600 _a
650 _a
700 _a
942 _cBK